000 00549nam a2200181Ia 4500
003 GCL
008 140319s9999 xx 000 0 ara d
040 _aGCL /
_cGCL
082 0 4 _a810.9
_bط ق
100 1 _aطه حسين
245 1 0 _aقادة الفكر (هدية من الاديب عبدالفتاح الجمل) /
_cطه حسين
300 _a279 ص
490 _aالهيئة العامة للاستعلامات
_v0
650 0 4 _aالادباء
650 0 4 _aالثقافة
650 0 4 _aالاحوال الثقافية
942 _2ddc
_cBK
999 _c47144
_d47144